000 00508nam a2200181Ia 4500
003 OSt
005 20250809111036.0
008 250729s2005 xx 000 0 und d
040 _cAL
041 _aeng
082 _a371.333 CHAI
100 _aಕೊಂಗವಾಡ ಎನ್ ಬಿ
_9221178
245 _aಭಾರತದಲ್ಲಿ ಶಿಕ್ಷಣ ಸಮಸ್ಯೆಗಳು
260 _aNew Delhi
_bVikas Publishing
_c2005
300 _a383p
650 _aEducation
_9221179
942 _2ddc
_cBED
999 _c234890
_d234890